00442nam a2200169Ia 4500008004100000041001200041082001100053100002000064245004300084365000800127520001300135546001200148630004300160650001300203655001300216730004300229101110s9999 xx 000 0 und d aMARATHI bSR7108 aKarandikar C.G. aBharatiya Company Kayada Ani Prashasan b7.5 aCommerce aMARATHI aBharatiya Company Kayada Ani Prashasan aCommerce aCommerce aBharatiya Company Kayada Ani Prashasan